01636 a2200193 45000010006000000050017000060080041000230030015000640400040000790800107001192450039002262640030002653000019002955051032003141000023013467000018013697000022013877000033014094626320260407155734.0260407a1976 arg spa dAR-UNSa-BCEJYS aAR-UNSa-BCEJYSbspacAR-UNSa-BCEJYS a303.4xTipos de investigación. estrategias de investigación. diseño de la investigación social10aMétodo de investigación social 1aMéxico :bTrillasc1976 a469 p.c23 cm. a1. La nueva sociología - 2. Ciencia: teoría y hecho – 3. Valores y ciencia – 4. Ciencia pura y ciencia aplicada – 5. Elementos fundamentales del método científico: los conceptos – 6. Elementos fundamentales del método científico: las hipótesis – 7. Planteamiento de la prueba: comprobación de hipótesis – 8. Otros problemas del establecimiento del pan para la investigación – 9. Utilización de la biblioteca – 10. Observación – 11. Construcción de cuestionarios – 12. El cuestionario por correo – 13. La entrevista – 14. Probabilidades y muestreo – 15. Técnicas de escalamiento: problema fundamental – 16. Técnicas de escalamiento: escalas de distancia social, sociométricas y de calificación – 17. Técnicas de escalamiento: escalas de categoría, de congruencia interna y escalogramas – 18. Investigación demográfica – 19. Algunos problemas de los análisis cuantitativos y de casos – 20. Análisis de datos – 21. Preparación del informe – 1 aPalazón, Ramón1 aHatt, Paul K.1 aGoode, William J.1 aOdilón Valadés, Adrián